Historical women by century - Statistics

General Stats
  • This quiz has been taken 27 times
  • The average score is 5 of 8
Answer Stats
century person % Correct
1400 burnt at the stake in france Joan of arc
93%
1900 she sat on a bus Rosa parks
89%
1800 2nd longest british monarch Victoria
89%
1700 russian empress Catherine the Great
85%
1500 american state named after her Elizabeth I
78%
2000 sound of music Julie andrews
67%
1600 hungarian blood princess Elizabeth Bathory
26%
1100 mother of king john of Magna carta Eleanor of Aquitane
22%
No matching quizzes found
Score Distribution
Percent of People with Each Score
Percentile by Number Answered
Your Score History
You have not taken this quiz